| 000 | 00692nam a2200193 a 4500 | ||
|---|---|---|---|
| 005 | 20210219152947.0 | ||
| 008 | 991125n 000 0 spa u | ||
| 035 | _aUPN01000069063 | ||
| 100 | _aRUMPF, Horst | ||
| 222 |
_aEDUCACION : _bCOLECCION SEMESTRAL DE APORTACIONES ALEMANAS RECIENTES EN LAS CIENCIAS PEDAGOGICAS |
||
| 245 | _aLos conocimientos no se pueden transmitir a otros como informaciones : sobre la capacidad de decir la verdad y sobre la adquisición del saber existencialmente importante | ||
| 300 | _a84-97 | ||
| 362 | _a1992 Vol. 45 | ||
| 653 | 0 | _aAPRENDIZAJE | |
| 653 | 0 | _aINFORMACION | |
| 653 | 0 | _aPROCESO COGNOSCITIVO | |
| 904 |
_aAC _b006874 |
||
| 905 | _aArticulo | ||
| 999 |
_c64797 _d64797 |
||